|
|
|
|
| LEADER |
01357nam a2200361 i 4500 |
| 001 |
EBC6282179 |
| 003 |
MiAaPQ |
| 005 |
20201130170527.0 |
| 006 |
m o d | |
| 007 |
cr cnu|||||||| |
| 008 |
201130s2020 nyua o 001 0 eng|d |
| 020 |
|
|
|z 9781952538285
|
| 020 |
|
|
|a 9781952538292 (e-book)
|
| 035 |
|
|
|a (MiAaPQ)EBC6282179
|
| 035 |
|
|
|a (Au-PeEL)EBL6282179
|
| 035 |
|
|
|a (OCoLC)1183958290
|
| 040 |
|
|
|a MiAaPQ
|b eng
|e rda
|e pn
|c MiAaPQ
|d MiAaPQ
|
| 050 |
|
4 |
|a K811.L4
|b M86 2020
|
| 100 |
1 |
|
|a Munoz, J. Mark,
|e author.
|
| 245 |
1 |
0 |
|a Creating a business and personal legacy /
|c J. Mark Munoz.
|
| 250 |
|
|
|a First edition.
|
| 264 |
|
1 |
|a New York, NY :
|b Business Expert Press,
|c 2020.
|
| 300 |
|
|
|a 1 online resource (83 pages) :
|b illustrations
|
| 336 |
|
|
|a text
|2 rdacontent
|
| 337 |
|
|
|a computer
|2 rdamedia
|
| 338 |
|
|
|a online resource
|2 rdacarrier
|
| 500 |
|
|
|a Includes index.
|
| 588 |
|
|
|a Description based on online resource; title from PDF title page (ebrary, viewed November 30, 2020).
|
| 590 |
|
|
|a Electronic reproduction. Ann Arbor, MI : ProQuest, 2018. Available via World Wide Web. Access may be limited to ProQuest affiliated libraries.
|
| 650 |
|
0 |
|a Legacies.
|
| 655 |
|
4 |
|a Electronic books.
|
| 797 |
2 |
|
|a ProQuest (Firm)
|
| 856 |
4 |
0 |
|u https://ebookcentral.proquest.com/lib/matrademy/detail.action?docID=6282179
|z Click to View
|